Représentations et symbolique de la guerre et de la paix dans le monde arabe /

Les recherches publiées dans ce livre portent sur les représentations et les symboliques0de la guerre et de la paix dans le monde arabe sur la longue durée. Les auteurs0sont spécialistes de différentes disciplines (sociologie, anthropologie, histoire, études0linguistiques et littéraires) et portent...

وصف كامل

محفوظ في:

مؤلفون آخرون: Denoix, Sylvie (المحرر), Diab-Duranton, Salam (المحرر)

التنسيق: كتاب

اللغة: French

منشور في: Le Caire : Institut Français d’archéologie orientale, [2024].

سلاسل: Textes Arabes et etudes Islamiques ; 60.
TAEI ; 60.

الموضوعات:

الوسوم: إضافة وسم

لا توجد وسوم, كن أول من يضع وسما على هذه التسجيلة!

رقم الطلب: PJ7601 .C2 v.60

LEADER 01976nam a22003737a 4500
003 OSt
005 20260202100722.0
008 020226t20242024ua ab b 000 0 fre d
020 |a 9782724710007 
020 |a 2724710002 
022 |a 0257-4136 
035 |a (OCoLC)1417271240 
040 |c ARCE Library 
050 1 4 |a PJ7601  |b .C2 v.60 
245 0 0 |a Représentations et symbolique de la guerre et de la paix dans le monde arabe /  |c Sylvie Denoix, Salam Diab-duranton (éd.). 
264 1 |a Le Caire :   |b Institut Français d’archéologie orientale,   |c [2024]. 
264 4 |c ©2024. 
300 |a ix, 332 pages :  |b color illustrations, color maps ;  |c 28 cm. 
490 1 |a Textes Arabes et etudes Islamiques ;   |v 60. 
490 1 |a TAEI ;   |v 60. 
504 |a Includes bibliographical references. 
520 8 |a Les recherches publiées dans ce livre portent sur les représentations et les symboliques0de la guerre et de la paix dans le monde arabe sur la longue durée. Les auteurs0sont spécialistes de différentes disciplines (sociologie, anthropologie, histoire, études0linguistiques et littéraires) et portent une attention particulière à la langue de leurs0corpus, depuis des textes fondateurs, Coran ou hadiths, en passant par les sources0classiques de l'historien (les textes des auteurs du patrimoine classique arabe),0jusqu?aux productions qui nous sont contemporaines, des textes militants aux oeuvres0de fiction, tous témoignant des représentations que l'on tente d?interpréter ici. 
546 |a In French and some in Arabic. 
650 0 |a Arabic philology  |x History. 
650 0 |a Arabic language  |x History. 
650 0 |a Anthropological linguistics  |z Arab countries. 
650 0 |a Language and culture  |z Arab countries. 
700 1 |a Denoix, Sylvie,  |e editor 
700 1 |a Diab-Duranton, Salam,  |e editor 
830 0 |a Textes Arabes et etudes Islamiques ;   |v 60. 
830 0 |a TAEI ;   |v 60. 
901 |a reviewed 
942 |2 lcc  |c BK 
999 |c 59049  |d 59049